Statistics for Guess the US City or State by Lyric

Click here to take the quiz!

General Stats

  • This quiz has been taken 667 times
  • The average score is 7 of 18

Answer Stats

ArtistAnswer% Correct
Lynyrd SkynrdSweet home {Alabama}
100%
John DenverCountry road, take me home, to the place I belong, {West Virginia}
91%
Katy Perry{California} girls, we're unforgettable, Daisy dukes, bikinis on top
88%
Elvis PresleyViva {Las Vegas} with you neon flashin' and your one armbandits crashin'
76%
Frank SinatraStart spreading the news, I'm leaving today I want to be a part of it, {New York}, {New York}
72%
JourneyJust a city boy, born and raised in south {Detroit}. He took the midnight train goin' anywhere
62%
George StraitAll my ex's live in {Texas}
60%
2pac feat Dr.Dre{California} love
39%
Kid RockShe was seventeen and she was far from in-between, it was summertime in Northern {Michigan}
31%
George StraitThat's why I hang my hat in {Tennessee}
26%
Elvis PesleyNight and you and blue {Hawaii}
23%
VengaboysThe Venga bus is comin' and everybody's jumpin', New York through {San Francisco}, an interstate free disco
20%
Bee GeesFeel I'm goin' back to {Massachusetts} Something's telling me I must go home
19%
Fedde Le GrandPut your hands up, put your hands up for {Detroit}. Our lovely city
8%
Johnny CashHow do you do young fellow and how would you like to go and spend a pleasant summer, out in {New Mexico}
7%
Bruce SpringsteenMary queen of {Arkansas}, it's not too early for dreamin'
4%
Lacy J DaltonYes, i’m goin’ up to {Alaska}, gonna’ have myself some fun
3%
Bee GeesThe sun shines down on a {South Dakota} morning and I can see their faces in my eyes
1%

Score Distribution

Percentile by Number Answered

Percent of People with Each Score

Your Score History

You have not taken this quiz